Food microbiology protocols / (Record no. 234671)

000 -LEADER
fixed length control field 01275cam a22003014a 4500
001 - CONTROL NUMBER
control field 11887233
003 - CONTROL NUMBER IDENTIFIER
control field Nust
005 - DATE AND TIME OF LATEST TRANSACTION
control field 20170329124212.0
008 - FIXED-LENGTH DATA ELEMENTS--GENERAL INFORMATION
fixed length control field 000111s2001 njua b 001 0 eng
010 ## - LIBRARY OF CONGRESS CONTROL NUMBER
LC control number 00021718
020 ## - INTERNATIONAL STANDARD BOOK NUMBER
Canceled/invalid ISBN 978-81-8128-763-2
040 ## - CATALOGING SOURCE
Original cataloging agency DLC
Transcribing agency ASAB
Modifying agency DLC
042 ## - AUTHENTICATION CODE
Authentication code pcc
050 00 - LIBRARY OF CONGRESS CALL NUMBER
Classification number QR115
Item number .F658 2001
082 00 - DEWEY DECIMAL CLASSIFICATION NUMBER
Classification number 664
Edition number 21
245 00 - TITLE STATEMENT
Title Food microbiology protocols /
Statement of responsibility, etc. edited by John F.T. Spencer and Alicia L. Ragout de Spencer.
260 ## - PUBLICATION, DISTRIBUTION, ETC.
Place of publication, distribution, etc. Totowa, NJ :
Name of publisher, distributor, etc. Humana Press,
Date of publication, distribution, etc. c2001.
300 ## - PHYSICAL DESCRIPTION
Extent xiv, 495 p. :
Other physical details ill. ;
Dimensions 24 cm.
440 #0 - SERIES STATEMENT/ADDED ENTRY--TITLE
Title Methods in biotechnology ;
Volume/sequential designation 14
504 ## - BIBLIOGRAPHY, ETC. NOTE
Bibliography, etc. note Includes bibliographical references and index.
650 #0 - SUBJECT ADDED ENTRY--TOPICAL TERM
Topical term or geographic name entry element Food
General subdivision Microbiology.
700 1# - ADDED ENTRY--PERSONAL NAME
Personal name Spencer, J. F. T.
700 1# - ADDED ENTRY--PERSONAL NAME
Personal name Ragout de Spencer, Alicia L.
856 42 - ELECTRONIC LOCATION AND ACCESS
Materials specified Publisher description
Uniform Resource Identifier <a href="http://www.loc.gov/catdir/enhancements/fy0825/00021718-d.html">http://www.loc.gov/catdir/enhancements/fy0825/00021718-d.html</a>
856 41 - ELECTRONIC LOCATION AND ACCESS
Materials specified Table of contents only
Uniform Resource Identifier <a href="http://www.loc.gov/catdir/enhancements/fy0825/00021718-t.html">http://www.loc.gov/catdir/enhancements/fy0825/00021718-t.html</a>
906 ## - LOCAL DATA ELEMENT F, LDF (RLIN)
a 7
b cbc
c orignew
d 1
e ocip
f 20
g y-gencatlg
942 ## - ADDED ENTRY ELEMENTS (KOHA)
Source of classification or shelving scheme
Koha item type Book
Holdings
Withdrawn status Lost status Source of classification or shelving scheme Damaged status Not for loan Collection code Permanent Location Current Location Date acquired Total Checkouts Full call number Barcode Date last seen Price effective from Koha item type
            Atta-ur-Rahman School of Applied Biosciences (ASAB) Atta-ur-Rahman School of Applied Biosciences (ASAB) 03/29/2017   664 SPE ASAB1897 03/29/2017 03/29/2017 Book
© 2023 Central Library, National University of Sciences and Technology. All Rights Reserved.